00694 2200205 4500001002100000005001700021008004100038035002400079040001200103082001100115090002000126100001900146245013400165260008000299300004400379504002600423650000900449850001200458990001800470YOGYA-1212000000009520121207093252.0 ind  0010-121200000000094 aYOPDYOG a331.21 aSk 331.21 Her P aHERI SUMARTOYO aPeranan upah terhadap produktivitas kerja karyawan pada CV. Putra Tani di Condong Catur Depok Sleman Yogyakarta/cHeri Sumartoyo. aYogyakarta :bJurusan Manajemen Sekolah Tinggi Ilmu Ekonomi Kerjasamac1997 ax, 46(2) lbr. :bilus., lamp. ;c30 cm. aBibliografi : (lbr.3) aUpah aYOPDYOG a42254-PD/A.12